000 00427nam a2200157 i 4500
001 63314
003 ES-MaACL
005 20230906164826.0
007 t|
008 031209s1912 ag ||||1| spa d
100 1 _aFerrari Oyhanarte, Raul.
_950320
245 1 0 _aAl ras de los ensueños /
_cRaul Ferrari Oyhanarte.
260 _aLa Plata :
_bJoaquín José,
_c1912.
300 _a165 p. ;
_c19 cm.
852 _aES-MaACL
_jF-2390
999 _c63314
_d63314